000 00809nam a22002777a 4500
001 BR6003596
003 BR-BrBNA
005 20230928095551.0
007 ta
008 230509b bl.||||| |||| 00| 0 por d
040 _aBR-BrBNA
_bpor
_cBiblioteca Nacional de Agricultura
041 _a(Por)
072 _aE10; N10; E30
090 _ E10 BR6003596
110 1 _aInstituto Nacional de Colonizacao e Reforma Agraria, Brasilia, DF (Brasil). Depto. de Projetos e Operacoes
_96414
245 1 _aDesenvolvimento rural. Atuacao do INCRA
260 3 _aBrasilia, DF (Brasil):
_c1974.
300 _a51 p.
500 _a14 ref.
650 _aEconomia
650 _aEletrificacao Rural
650 _aDesenvolvimento Rural
650 _aColonizacao
909 _a202309
_bLucia
_c55
_dLucia Elande
942 _cBK
999 _c57333
_d57333